| 000 | 00762nam a2200229 a 4500 | ||
|---|---|---|---|
| 005 | 20230225063856.0 | ||
| 008 | 070122s2001 mx r 000 0 spa d | ||
| 020 | _a8474328217 | ||
| 035 | _aUPN01000148769 | ||
| 049 | _aCG | ||
| 050 | 4 |
_aKF382 _bK3.2 |
|
| 100 | 1 | _aKahn, Paul | |
| 245 | 1 | 3 |
_aEl análisis cultural del derecho : _buna reconstrucción de los estudios jurídicos / _cPaul Kahn ; tr. Daniel Bonilla. |
| 260 |
_aBarcelona, Esp. : _bGedisa, _c2001. |
||
| 300 | _a205 p. | ||
| 440 | 0 | _aBiblioteca Yale de estudios jurídicos | |
| 534 |
_pTítulo original: _tThe cultural study of law |
||
| 651 | 4 |
_aESTADOS UNIDOS - _xDERECHO CONSTITUCIONAL _99955 |
|
| 650 | 4 |
_aCULTURA Y DERECHO _97478 |
|
| 650 | 4 |
_aDerecho _xFilosofía _99941 |
|
| 905 | _aLibro | ||
| 999 |
_c120910 _d120910 |
||